[Event "FICGS rapid B 000231 email"]
[Site "FICGS email"]
[Date "2015.07.03"]
[Round "1"]
[White "Delaney, Alan"]
[Black "Cirulis, Ilmars"]
[Result "1/2-1/2"]
[WhiteElo "2018"]
[BlackElo "1840"]
[PlyCount "50"]
[EventDate "2015.??.??"]
[EventType "tourn (rapid)"]
[EventRounds "6"]
[SourceTitle "Corr 2022"]
[Source "ChessBase"]
[SourceDate "2021.10.24"]
[SourceVersion "1"]
[SourceVersionDate "2021.10.24"]
[SourceQuality "1"]

1. d4 f5 2. g3 Nc6 3. Bg2 e5 4. dxe5 Nxe5 5. Nf3 Bb4+ 6. c3 Nxf3+ 7. Bxf3 Be7 8. c4 c6 9. 0-0 Nf6 10. Nc3 d6 11. e4 0-0 12. Re1 fxe4 13. Nxe4 Nxe4 14. Bxe4 Bf5 15. Bf4 Qd7 16. Qd3 Bxe4 17. Rxe4 Rad8 18. Rd1 Rf7 19. Qe2 d5 20. cxd5 cxd5 21. Red4 Rf5 22. g4 Rf7 23. Rxd5 Qxd5 24. Rxd5 Rxd5 25. Kg2 Rd8 1/2-1/2

[Event "FICGS rapid B 000231 email"]
[Site "FICGS email"]
[Date "2015.07.03"]
[Round "1"]
[White "Faust, Dieter"]
[Black "Delaney, Alan"]
[Result "0-1"]
[WhiteElo "1716"]
[BlackElo "2018"]
[PlyCount "52"]
[EventDate "2015.??.??"]
[EventType "tourn (rapid)"]
[EventRounds "6"]
[SourceTitle "Corr 2022"]
[Source "ChessBase"]
[SourceDate "2021.10.24"]
[SourceVersion "1"]
[SourceVersionDate "2021.10.24"]
[SourceQuality "1"]

1. c4 e5 2. Nc3 Nf6 3. Nf3 Nc6 4. d4 exd4 5. Nxd4 Bb4 6. g3 0-0 7. Bg2 Bxc3+ 8. bxc3 Ne5 9. Qb3 Re8 10. 0-0 d6 11. Rd1 Nfd7 12. a4 Nc5 13. Qa2 a5 14. Ba3 Qf6 15. Bxc5 dxc5 16. Nb3 Ng4 17. e3 Ne5 18. Nxc5 Nf3+ 19. Kh1 Bg4 20. Nb3 Qh6 21. h4 g5 22. Nd4 Ne5 23. f3 gxh4 24. gxh4 Qxh4+ 25. Kg1 Bc8 26. Nb5 Kh8 0-1

[Event "FICGS W-ch st1 g06 email"]
[Site "FICGS email"]
[Date "2015.07.02"]
[Round "1"]
[White "Delaney, Alan"]
[Black "Goldmund, Heike"]
[Result "1-0"]
[WhiteElo "2018"]
[BlackElo "1150"]
[PlyCount "65"]
[EventDate "2015.??.??"]
[EventType "tourn (corr)"]
[EventRounds "8"]
[SourceTitle "Corr 2022"]
[Source "ChessBase"]
[SourceDate "2021.10.24"]
[SourceVersion "1"]
[SourceVersionDate "2021.10.24"]
[SourceQuality "1"]

1. d4 d5 2. c4 Nf6 3. cxd5 Nxd5 4. e4 Nb6 5. Nf3 Bg4 6. Be2 g6 7. Be3 Bg7 8. Nbd2 0-0 9. 0-0 N8d7 10. Rc1 c6 11. a4 e5 12. a5 Nc8 13. Nxe5 Bxe2 14. Qxe2 Nxe5 15. a6 b6 16. dxe5 Bxe5 17. Rxc6 Ne7 18. Rc2 Rc8 19. Nc4 Bg7 20. Rd2 Qc7 21. Nd6 Rcd8 22. Bf4 Nc6 23. Rc1 f5 24. Qc4+ Rf7 25. Nxf7 Qxf7 26. Qxf7+ Kxf7 27. Rxc6 Rxd2 28. Rc7+ Ke8 29. Bxd2 Kd8 30. Rxg7 fxe4 31. Rxa7 h6 32. Rh7 h5 33. a7 1-0

[Event "FICGS W-ch st1 g06 email"]
[Site "FICGS email"]
[Date "2015.07.02"]
[Round "1"]
[White "Voudouris, Nick"]
[Black "Delaney, Alan"]
[Result "0-1"]
[WhiteElo "1877"]
[BlackElo "2018"]
[PlyCount "56"]
[EventDate "2015.??.??"]
[EventType "tourn (corr)"]
[EventRounds "8"]
[SourceTitle "Corr 2022"]
[Source "ChessBase"]
[SourceDate "2021.10.24"]
[SourceVersion "1"]
[SourceVersionDate "2021.10.24"]
[SourceQuality "1"]

1. d4 Nf6 2. f4 d5 3. e3 c5 4. c3 Nc6 5. Bd3 Bg4 6. Nf3 e6 7. 0-0 Bd6 8. Qe1 0-0 9. Ne5 Bf5 10. Be2 Rc8 11. Na3 cxd4 12. exd4 Bxa3 13. bxa3 Nxe5 14. fxe5 Ne4 15. Bd3 Nxc3 16. Bxf5 exf5 17. Rxf5 Qd7 18. Rf3 Ne4 19. Qd1 Rc4 20. Be3 Rfc8 21. Rc1 h6 22. Rxc4 Rxc4 23. h3 b6 24. Qe2 Qc8 25. Kh2 Rc2 26. Qb5 Qc6 27. Qxc6 Rxc6 28. Bg1 Rc4 0-1

[Event "FICGS rapid B 000230 email"]
[Site "FICGS email"]
[Date "2015.06.23"]
[Round "1"]
[White "Delaney, Alan"]
[Black "Kirali, Hasan"]
[Result "1-0"]
[WhiteElo "1993"]
[BlackElo "1765"]
[PlyCount "31"]
[EventDate "2015.??.??"]
[EventType "tourn (rapid)"]
[EventRounds "6"]
[SourceTitle "Corr 2022"]
[Source "ChessBase"]
[SourceDate "2021.10.24"]
[SourceVersion "1"]
[SourceVersionDate "2021.10.24"]
[SourceQuality "1"]

1. d4 d5 2. c4 e5 3. dxe5 d4 4. Nf3 Nc6 5. a3 Bg4 6. Nbd2 Qe7 7. h3 Bh5 8. g3 0-0-0 9. Bg2 d3 10. e3 Nxe5 11. g4 Bg6 12. b4 Kb8 13. Bb2 Nd7 14. Nd4 Ne5 15. Kf1 Nf6 16. f4 1-0

[Event "FICGS rapid B 000230 email"]
[Site "FICGS email"]
[Date "2015.06.23"]
[Round "1"]
[White "Kopasov, Evgeny Aleksandrovi"]
[Black "Delaney, Alan"]
[Result "1/2-1/2"]
[WhiteElo "1985"]
[BlackElo "1993"]
[PlyCount "29"]
[EventDate "2015.??.??"]
[EventType "tourn (rapid)"]
[EventRounds "6"]
[SourceTitle "Corr 2022"]
[Source "ChessBase"]
[SourceDate "2021.10.24"]
[SourceVersion "1"]
[SourceVersionDate "2021.10.24"]
[SourceQuality "1"]

1. d4 Nf6 2. c4 e6 3. Nc3 d5 4. Bg5 Be7 5. e3 0-0 6. Nf3 h6 7. Bh4 b6 8. Be2 Bb7 9. Bxf6 Bxf6 10. cxd5 exd5 11. 0-0 c6 12. Qb3 Na6 13. Rfd1 Re8 14. Rac1 Nc7 15. Bd3 1/2-1/2

[Event "FICGS rapid A 000179 email"]
[Site "FICGS email"]
[Date "2015.06.16"]
[Round "1"]
[White "Daanen, Aard"]
[Black "Delaney, Alan"]
[Result "1/2-1/2"]
[WhiteElo "2017"]
[BlackElo "1993"]
[PlyCount "31"]
[EventDate "2015.??.??"]
[EventType "tourn (rapid)"]
[EventRounds "6"]
[SourceTitle "Corr 2022"]
[Source "ChessBase"]
[SourceDate "2021.10.24"]
[SourceVersion "1"]
[SourceVersionDate "2021.10.24"]
[SourceQuality "1"]

1. d4 Nf6 2. c4 e6 3. Bf4 d5 4. e3 c5 5. Nc3 cxd4 6. exd4 Be7 7. Nf3 0-0 8. Bd3 dxc4 9. Bxc4 Nbd7 10. 0-0 Nb6 11. Bb3 Nbd5 12. Bg3 b6 13. Nxd5 Nxd5 14. Rc1 Bb7 15. a3 Rc8 16. Rxc8 1/2-1/2

[Event "FICGS rapid A 000179 email"]
[Site "FICGS email"]
[Date "2015.06.16"]
[Round "1"]
[White "Ortiz, Clodomiro"]
[Black "Delaney, Alan"]
[Result "1-0"]
[WhiteElo "2132"]
[BlackElo "1993"]
[PlyCount "181"]
[EventDate "2015.??.??"]
[EventType "tourn (rapid)"]
[EventRounds "6"]
[SourceTitle "Corr 2022"]
[Source "ChessBase"]
[SourceDate "2021.10.24"]
[SourceVersion "1"]
[SourceVersionDate "2021.10.24"]
[SourceQuality "1"]

1. d4 Nf6 2. c4 e6 3. Nc3 d5 4. Bg5 Be7 5. e3 0-0 6. cxd5 exd5 7. Bd3 h6 8. Bh4 c6 9. Qc2 Ne8 10. Bg3 Bd6 11. Nge2 Bxg3 12. Nxg3 Be6 13. 0-0 Nd7 14. Na4 Nd6 15. Nc5 Re8 16. a4 a5 17. Rfb1 Qe7 18. Qc3 Red8 19. b4 axb4 20. Rxb4 Nxc5 21. dxc5 Nc4 22. Nh5 f6 23. Rab1 Rd7 24. h4 Rc7 25. Nf4 Bf7 26. h5 Qe5 27. Qxe5 Nxe5 28. Bf5 Ra7 29. g4 Nf3+ 30. Kg2 Nh4+ 31. Kg3 Nxf5+ 32. gxf5 Kf8 33. Kg4 Ke7 34. a5 Ke8 35. Kf3 Kd8 36. Rg1 Bg8 37. Ra1 Bf7 38. Rbb1 Ke8 39. a6 Rxa6 40. Rxb7 Rxb7 41. Rxa6 Kd7 42. Kg3 Rc7 43. Ra8 Rb7 44. Ng6 Be8 45. Kg2 d4 46. exd4 Bf7 47. f3 Bd5 48. Nf4 Bf7 49. Kg3 Bc4 50. Ra1 Bf7 51. Kf2 Bc4 52. Ke3 Rb3+ 53. Ke4 Rb7 54. Rg1 Ke8 55. Ne6 Rb3 56. Kf4 Bd5 57. Nc7+ Kf7 58. Nxd5 cxd5 59. Rc1 Ke7 60. Re1+ Kf7 61. Re3 Rb4 62. Rd3 Ke7 63. Ke3 Rb8 64. Ra3 Rb7 65. Kd2 Kd8 66. Ra8+ Kc7 67. Kc3 Kc6 68. Ra6+ Kc7 69. Re6 Rb1 70. Re7+ Kc6 71. Rxg7 Rf1 72. Rg3 Kb5 73. Kd2 Ra1 74. Rg6 Kc4 75. c6 Ra7 76. Rxf6 Kxd4 77. Rxh6 Ke5 78. f6 Ra2+ 79. Kc3 d4+ 80. Kc4 Ra7 81. Rg6 Rf7 82. h6 Rc7 83. Kd3 Ra7 84. f4+ Kf5 85. f7 Rxf7 86. Rg7 Rf8 87. h7 Ra8 88. Rg8 Ra3+ 89. Kd2 Ra2+ 90. Kc1 Ra1+ 91. Kb2 1-0

[Event "FICGS W-ch st1 g06 email"]
[Site "FICGS email"]
[Date "2014.11.01"]
[Round "1"]
[White "Moye, Harold"]
[Black "Delaney, Alan"]
[Result "0-1"]
[WhiteElo "1716"]
[BlackElo "2067"]
[PlyCount "26"]
[EventDate "2014.??.??"]
[EventType "tourn (corr)"]
[EventRounds "8"]
[SourceTitle "Corr 2022"]
[Source "ChessBase"]
[SourceDate "2021.10.24"]
[SourceVersion "1"]
[SourceVersionDate "2021.10.24"]
[SourceQuality "1"]

1. e4 d6 2. d4 Nf6 3. Nc3 e5 4. Nf3 Nbd7 5. Bc4 Be7 6. 0-0 0-0 7. a4 c6 8. Qe2 a5 9. Rd1 exd4 10. Nxd4 Re8 11. Be3 Bf8 12. f3 d5 13. exd5 Nb6 0-1

[Event "FICGS rapid A 000166 email"]
[Site "FICGS email"]
[Date "2014.09.09"]
[Round "1"]
[White "Delaney, Alan"]
[Black "Carrizo, Jose Luis"]
[Result "1/2-1/2"]
[WhiteElo "2055"]
[BlackElo "2050"]
[PlyCount "103"]
[EventDate "2014.??.??"]
[EventType "tourn (rapid)"]
[EventRounds "6"]
[SourceTitle "Corr 2022"]
[Source "ChessBase"]
[SourceDate "2021.10.24"]
[SourceVersion "1"]
[SourceVersionDate "2021.10.24"]
[SourceQuality "1"]

1. d4 d5 2. c4 e6 3. Nf3 c6 4. Nc3 Nf6 5. Bg5 dxc4 6. e4 b5 7. e5 h6 8. Bh4 g5 9. Nxg5 hxg5 10. Bxg5 Nbd7 11. exf6 Bb7 12. g3 c5 13. d5 Qb6 14. Bg2 0-0-0 15. 0-0 b4 16. Rb1 Qa6 17. dxe6 Bxg2 18. e7 Bxf1 19. Kxf1 Qc6 20. exd8Q+ Kxd8 21. Nd5 Rxh2 22. Kg1 Rh8 23. Rc1 Bd6 24. Bh4 Be5 25. Ne7 Qd6 26. Qf3 Kc7 27. Nd5+ Kb8 28. Ne3 Bd4 29. Nxc4 Ne5 30. Nxe5 Qxe5 31. Kf1 Qe6 32. g4 Kc7 33. Re1 Qc6 34. Re7+ Kb6 35. Qxc6+ Kxc6 36. Bg5 Bxb2 37. Rxf7 c4 38. Re7 b3 39. axb3 cxb3 40. Re3 Rb8 41. f7 Bg7 42. Bf6 b2 43. Bxb2 Rxb2 44. Re8 Rb7 45. f8Q Bxf8 46. Rxf8 a5 47. Ra8 Rg7 48. f3 Rg5 49. Ke2 Kb7 50. Rf8 a4 51. Rf5 Rxf5 52. gxf5 1/2-1/2

[Event "FICGS rapid A 000161 email"]
[Site "FICGS email"]
[Date "2014.05.27"]
[Round "1"]
[White "Modrant, Jean"]
[Black "Delaney, Alan"]
[Result "1-0"]
[WhiteElo "2000"]
[BlackElo "2053"]
[PlyCount "67"]
[EventDate "2014.??.??"]
[EventType "tourn (rapid)"]
[EventRounds "6"]
[SourceTitle "Corr 2022"]
[Source "ChessBase"]
[SourceDate "2021.10.24"]
[SourceVersion "1"]
[SourceVersionDate "2021.10.24"]
[SourceQuality "1"]

1. e4 d6 2. d4 Nf6 3. Nc3 e5 4. Nf3 Nbd7 5. Bc4 Be7 6. 0-0 0-0 7. Re1 c6 8. a4 a5 9. h3 Nb6 10. Ba2 Nfd7 11. dxe5 dxe5 12. Be3 h6 13. g4 Qc7 14. g5 Bxg5 15. Nxg5 hxg5 16. Bxg5 Nc5 17. Kh2 g6 18. Rg1 Be6 19. Be3 Bxa2 20. Bxc5 Be6 21. Qh5 Kg7 22. f4 Rh8 23. Bxb6 Qxb6 24. Qxe5+ Kg8 25. f5 Bc4 26. Qg3 Qd8 27. b3 Ba6 28. fxg6 f6 29. Rae1 b6 30. g7 Rh5 31. e5 f5 32. e6 Qh4 33. Qf3 Re8 34. Ne4 1-0

[Event "FICGS W-ch st1 g06 email"]
[Site "FICGS email"]
[Date "2014.03.03"]
[Round "1"]
[White "Delaney, Alan"]
[Black "Pech, Jaroslav Senior"]
[Result "1-0"]
[WhiteElo "2044"]
[BlackElo "1053"]
[PlyCount "29"]
[EventDate "2014.??.??"]
[EventType "tourn (corr)"]
[EventRounds "8"]
[SourceTitle "Corr 2022"]
[Source "ChessBase"]
[SourceDate "2021.10.24"]
[SourceVersion "1"]
[SourceVersionDate "2021.10.24"]
[SourceQuality "1"]

1. d4 Nf6 2. c4 g6 3. Nc3 Bg7 4. e4 d6 5. Nf3 0-0 6. Be2 e5 7. 0-0 Nc6 8. d5 Ne7 9. b4 Nh5 10. Re1 f5 11. Ng5 Nf6 12. f3 Nh5 13. c5 Nf4 14. Bc4 Kh8 15. Rb1 1-0

[Event "FICGS theme 0001 email"]
[Site "FICGS email"]
[Date "2014.02.20"]
[Round "1"]
[White "Delaney, Alan"]
[Black "Rajput, Vishalsingh"]
[Result "1-0"]
[WhiteElo "2045"]
[BlackElo "1031"]
[PlyCount "43"]
[EventDate "2014.??.??"]
[EventType "swiss (corr)"]
[EventRounds "1"]
[SourceTitle "Corr 2022"]
[Source "ChessBase"]
[SourceDate "2021.10.24"]
[SourceVersion "1"]
[SourceVersionDate "2021.10.24"]
[SourceQuality "1"]

1. e4 e5 2. Nf3 Nf6 3. d4 Nxe4 4. Bd3 d5 5. Nxe5 Bd6 6. 0-0 Bxe5 7. dxe5 Nc6 8. Nc3 Nxc3 9. bxc3 Qe7 10. f4 0-0 11. Qf3 Rd8 12. Be3 d4 13. cxd4 Nxd4 14. Qf2 c5 15. Rad1 Bg4 16. Rde1 Rac8 17. f5 f6 18. Qh4 Bf3 19. exf6 Qd6 20. f7+ Kh8 21. f6 Qf8 22. Qxh7# 1-0